[Event "San Cristobal de La Laguna op 2nd"]
[Site "San Cristobal de La Laguna"]
[Date "2019.09.06"]
[Round "7"]
[White "Chico Arbelo, Miguel"]
[Black "Guillermo Gonzalez, Alvaro"]
[Result "0-1"]
[WhiteElo "1749"]
[BlackElo "1992"]
[PlyCount "52"]
[EventDate "2019.08.31"]
[EventType "swiss"]
[EventRounds "9"]
[EventCountry "ESP"]
[SourceTitle "EXT 2020"]
[Source "ChessBase"]
[SourceDate "2019.10.17"]
[SourceVersion "1"]
[SourceVersionDate "2019.10.17"]
[SourceQuality "1"]

1. e4 c5 2. Nf3 d6 3. c3 Nf6 4. Be2 g6 5. 0-0 Bg7 6. Re1 0-0 7. d3 Nc6 8. Bg5 e5 9. Nbd2 h6 10. Bh4 Be6 11. Nf1 Ne7 12. Rc1 Qb6 13. Bxf6 Bxf6 14. b3 Bg7 15. Ng3 Rac8 16. Nd2 Qc7 17. Bg4 f5 18. exf5 gxf5 19. Bf3 d5 20. Nh5 Ng6 21. Nxg7 Qxg7 22. g3 Nf4 23. Nf1 e4 24. dxe4 Nh3+ 25. Kg2 fxe4 26. g4 exf3+ 0-1

[Event "San Cristobal de La Laguna op 2nd"]
[Site "San Cristobal de La Laguna"]
[Date "2019.08.31"]
[Round "1"]
[White "Chico Arbelo, Miguel"]
[Black "Petkov, Vladimir"]
[Result "0-1"]
[WhiteElo "1749"]
[BlackElo "2504"]
[PlyCount "44"]
[EventDate "2019.08.31"]
[EventType "swiss"]
[EventRounds "9"]
[EventCountry "ESP"]
[SourceTitle "EXT 2020"]
[Source "ChessBase"]
[SourceDate "2019.10.17"]
[SourceVersion "1"]
[SourceVersionDate "2019.10.17"]
[SourceQuality "1"]

1. e4 e5 2. Nf3 Nc6 3. Bb5 g6 4. 0-0 Bg7 5. c3 a6 6. Ba4 Nge7 7. d4 exd4 8. cxd4 0-0 9. Bg5 h6 10. Be3 d6 11. h3 g5 12. Nc3 Ng6 13. Rc1 g4 14. hxg4 Bxg4 15. Nd5 Nh4 16. Bxc6 bxc6 17. Rxc6 Kh8 18. Rxc7 Nxf3+ 19. gxf3 Be6 20. Qc1 Qh4 21. Nf4 Rg8 22. Nxe6 Be5+ 0-1

[Event "San Sebastian de la Gomera 1st"]
[Site "San Sebastian de la Gomera"]
[Date "2011.02.04"]
[Round "2.2"]
[White "Arteaga Medina, Ruben Severo"]
[Black "Chico Arbelo, Miguel"]
[Result "0-1"]
[WhiteElo "1462"]
[BlackElo "1552"]
[PlyCount "60"]
[EventDate "2011.01.26"]
[EventType "tourn"]
[EventRounds "9"]
[EventCountry "ESP"]
[SourceTitle "EXT 2024"]
[Source "ChessBase"]
[SourceDate "2023.10.10"]
[SourceVersion "1"]
[SourceVersionDate "2023.10.10"]
[SourceQuality "1"]

1. e4 c5 2. Nf3 d6 3. d4 cxd4 4. Nxd4 Nf6 5. Nc3 a6 6. Bd3 e6 7. 0-0 Be7 8. Be3 0-0 9. Qe2 Nbd7 10. Rad1 Qc7 11. f3 b5 12. a3 Bb7 13. g4 Ne5 14. Qg2 Rac8 15. Be2 d5 16. exd5 Nxd5 17. Bd2 Bc5 18. Qf2 Nc6 19. Nxd5 exd5 20. c3 Rce8 21. Bd3 Qe5 22. Qh4 Bxd4+ 23. cxd4 Qxd4+ 24. Be3 Qxe3+ 25. Rf2 g6 26. f4 Nd4 27. Kg2 Ne6 28. g5 Nc5 29. Bb1 Ne4 30. Bxe4 Qxe4+ 0-1